Integrated water resources management: An overview of availability and demand for diverse uses with focus on drinking water and food in India by 2050 (Record no. 14425)

MARC details
000 -LEADER
fixed length control field 00586nam a2200169Ia 4500
008 - FIXED-LENGTH DATA ELEMENTS--GENERAL INFORMATION
fixed length control field 230917s9999||||xx |||||||||||||| ||und||
020 ## - ISBN
Price RS225
040 ## - CATALOGING SOURCE
-- 224060
Original cataloging agency VIVEKANANDA LIBRARY
041 ## - Language
-- English
082 ## - DDC NUMBER
Classification number 333.9110954 S71I
100 ## - MAIN ENTRY--PERSONAL NAME
Personal name Sarbhukan, M M
245 #0 - TITLE STATEMENT
Title Integrated water resources management: An overview of availability and demand for diverse uses with focus on drinking water and food in India by 2050
260 ## - PUBLICATION, DISTRIBUTION, ETC. (IMPRINT)
Place of publication, distribution, etc New Delhi
Name of publisher, distributor, etc CBS Publishers & Distributors
Date of publication, distribution, etc 2013
300 ## - PHYSICAL DESCRIPTION
Pages xii, 207 p.
500 ## - GENERAL NOTE
General note 1932 05/02/2015 HBD6293 18/02/2015 Main Budget
942 ## - ADDED ENTRY ELEMENTS (KOHA)
Koha item type Books
Holdings
Withdrawn status Lost status Damaged status Not for loan Location (home branch) Sublocation or collection (holding branch) Shelving location Date acquired Koha issues (times borrowed) Koha full call number Accession No. Koha date last seen Koha item type
        VIVEKANANDA LIBRARY VIVEKANANDA LIBRARY UIET Library 16/04/2015   333.9110954 S71I 338424 17/09/2023 Books
        VIVEKANANDA LIBRARY VIVEKANANDA LIBRARY UIET Library 16/04/2015   333.9110954 S71I 338425 17/09/2023 Books
        VIVEKANANDA LIBRARY VIVEKANANDA LIBRARY UIET Library 16/04/2015   333.9110954 S71I 338426 17/09/2023 Books
        VIVEKANANDA LIBRARY VIVEKANANDA LIBRARY UIET Library 16/04/2015   333.9110954 S71I 338427 17/09/2023 Books
        VIVEKANANDA LIBRARY VIVEKANANDA LIBRARY UIET Library 16/04/2015   333.9110954 S71I 338428 17/09/2023 Books
        VIVEKANANDA LIBRARY VIVEKANANDA LIBRARY UIET Library 16/04/2015   333.9110954 S71I 338429 17/09/2023 Books
        VIVEKANANDA LIBRARY VIVEKANANDA LIBRARY UIET Library 16/04/2015   333.9110954 S71I 338430 17/09/2023 Books
        VIVEKANANDA LIBRARY VIVEKANANDA LIBRARY UIET Library 16/04/2015   333.9110954 S71I 338431 17/09/2023 Books
        VIVEKANANDA LIBRARY VIVEKANANDA LIBRARY UIET Library 16/04/2015   333.9110954 S71I 338432 17/09/2023 Books
        VIVEKANANDA LIBRARY VIVEKANANDA LIBRARY UIET Library 16/04/2015   333.9110954 S71I 338433 17/09/2023 Books
© Designed and Maintained by Vivekananda Library, MDU Rohtak